1673 1132 1961 1311 1478 1999 1890 1343 1595 1767 1519 1068 1118 1310 1416 1408 1816 1218 1242 1937 1698 1906 1484 1213 1124 1613 1455 1414 1157 1428 1771 1664 1376 1364 1412 1339 1235 1698 1494 1798 1891 1260 1091 1920 1399 1824 1183 1757 1370 1178 1420 1892 1764 1375 1499 1875 1584 1737 1811 1925 1003 1379 1236 1747 1256 1387 1443 1332 1868 1464 1880 1758 1474 1138 1149 1494 1812 1340 1009 1653 1012 1942 1319 1662 1981 1554 1465 1323 1806 1223 1524 1108 1591 1383 1535 1866 1077 1003 1081 BCNSPRNW ULIB Ver.6.0+V

เปลี่ยนเป็นภาษาไทย

Change to English
 แสดงรายละเอียดบรรณานุกรม
  กลับหน้าหลัก

Brief Record : Get Marc (ISO 2709) : E-mail record : QR code < ปิดหน้าต่าง
LEADER : 00000nam 2200000uu 4500
001    13399120208
003     ULIB
008    100318s2552 th a 000 0 tha d
020    ^a9789744659392
060 04 ^aWY20.5^bก514 2552
245 00 ^aการวิจัยทางการพยาบาล :^bแนวคิด หลักการ และวิธีปฏิบัติ /^cโดยคณาจารย์วิทยาลัยพยาบาลในสังกัดสถาบันพระบรมราชชนก ;ประกาย จิโรจน์กุล, บรรณาธิการ
250    ^aพิมพ์ครั้งที่ 2
260    ^aนนทบุรี :^bโครงการสวัสดิการวิชาการ สถาบันพระบรมราชชนก,^c2552
300    ^a379, [34] หน้า :^bภาพประกอบ ;^c26 ซม.
650  4 ^aการพยาบาล^vวิจัย
650  4 ^aวิจัย
700 0  ^aประกาย จิโรจน์กุล,^eบรรณาธิการ
710 2  ^aสถาบันพระบรมราชชนก. ^bโครงการสวัสดิการวิชาการ
945    ^p300^l0^i19523
995    ^aกัณชพร
999    ^aทศพร เกษรทอง
รายการนี้ยังไม่มีแท็ก
คุณยังไม่ได้ล็อกอิน คุณสามารถมีกิจกรรมร่วมกับเว็บไซต์ได้ แต่ต้องล็อกอินก่อน ::
  ล็อกอิน

รายการสื่อสารสนเทศ

ลำดับที่ ประเภท เลขเรียก/บาร์โค้ด สถานที่ สถานะ
1. วิทยาศาสตร์การแพทย์ และสุขภาพ
วิทยาศาสตร์การแพทย์ และสุขภาพ
WY20.5 ก514 2552  
  Barcode: 19523
ห้องสมุดวิทยาเขตนครสวรรค์
►ส่วนจัดเก็บหนังสือเก่า นว.
บนชั้น
  ขอยืม

รายการใกล้เคียง
    หัวเรื่อง [วิจัย]

BibComment


ยังไม่เคยถูกคอมเมนท์

คอมเมนท์ทรัพยากรรายการนี้
  คอมเมนท์: การวิจัยทางการพย..


 Copyright 2026. Bcnsprnw @Library